The three days' darkness; (Запис № 557290)

МАРК-запис
000 -LEADER
fixed length control field 01297cam a2200289Ia 4500
001 - CONTROL NUMBER
control field threedaysdarknes00hebe
003 - CONTROL NUMBER IDENTIFIER
control field CaSfIA
005 - DATE AND TIME OF LATEST TRANSACTION
control field 20210119102716.0
007 - PHYSICAL DESCRIPTION FIXED FIELD--GENERAL INFORMATION
fixed length control field cr||||
008 - FIXED-LENGTH DATA ELEMENTS--GENERAL INFORMATION
fixed length control field 870522s1986 lau 000 0 eng d
040 ## - CATALOGING SOURCE
Original cataloging agency ICC
Transcribing agency ICC
Modifying agency OCL
-- OCLCG
-- CaSfIA
035 ## - SYSTEM CONTROL NUMBER
System control number (OCoLC)15725354
082 #4 - DEWEY DECIMAL CLASSIFICATION NUMBER
Classification number 249
090 ## - LOCALLY ASSIGNED LC-TYPE CALL NUMBER (OCLC); LOCAL CALL NUMBER (OCLC)
Classification number (OCLC) (R) ; Classification number, CALL (RLIN) (NR) BV5091.V6
Local cutter number (OCLC) ; Book number/undivided call number, CALL (RLIN) H4
100 1# - MAIN ENTRY--PERSONAL NAME
Personal name Hebert, Albert J.,
Dates associated with a name 1913-
245 14 - TITLE STATEMENT
Title The three days' darkness;
Medium [electronic resource]
Remainder of title prophecies of saints and seers
Statement of responsibility, etc by Albert J. Hebert.
260 ## - PUBLICATION, DISTRIBUTION, ETC. (IMPRINT)
Place of publication, distribution, etc Paulina, La. (P.O. Box 309, Paulina 70763) :
Name of publisher, distributor, etc A.J. Hebert,
Date of publication, distribution, etc c1986.
300 ## - PHYSICAL DESCRIPTION
Extent xii, 74 p. :
Other physical details ill. ;
Dimensions 24 cm.
504 ## - BIBLIOGRAPHY, ETC. NOTE
Bibliography, etc Bibliography: p. 70-73.
506 ## - RESTRICTIONS ON ACCESS NOTE
Standardized terminology for access restriction Необхідна авторизація на https://archive.org/ (створення облікового запису безкоштовно)
506 ## - RESTRICTIONS ON ACCESS NOTE
Standardized terminology for access restriction Необхідна авторизація на https://openlibrary.org/ (створення облікового запису безкоштовно)
650 #0 - SUBJECT ADDED ENTRY--TOPICAL TERM
Topical term or geographic name as entry element Visions.
630 00 - SUBJECT ADDED ENTRY--UNIFORM TITLE
Uniform title Bible
General subdivision Prophecies.
856 41 - ELECTRONIC LOCATION AND ACCESS
Uniform Resource Identifier <a href="http://www.archive.org/details/threedaysdarknes00hebe">http://www.archive.org/details/threedaysdarknes00hebe</a>
Public note Free eBook from the Internet Archive
856 42 - ELECTRONIC LOCATION AND ACCESS
Uniform Resource Identifier <a href="http://www.openlibrary.org/books/OL24588217M">http://www.openlibrary.org/books/OL24588217M</a>
Public note Additional information and access via Open Library
942 ## - ADDED ENTRY ELEMENTS (KOHA)
Koha item type ЕКнига

Немає доступних примірників.